000 00495nam a2200157Ia 4500
008 240729s9999 xx 000 0 und d
022 _a2599-0462
245 0 _aSubstantive Justice International Journal of Law
260 _aIndonesia
260 _bFaculty of Law, Universitas Muslim Indonesia
650 _a Law in general. Comparative and uniform law. Jurisprudence
650 _aLaw
856 _uhttps://doaj.org/toc/242d2155d6f841e4a1ac816d3c0915b0
942 _2ddc
942 _cDOAJEJ
999 _c68171
_d68171
945 _a1
_bMadushi Gamage
_c1
_dMadushi Gamage